000 00536cam a2200193ua 4500
001 2257
008 141125n ii |||gr||||Z||||||eng
040 _cMAIN
041 _aeng
082 _a300.072
100 _aSingh, K.,
_eAuthor.
245 _aTechnique & method of social survey research and statistics
_cby K. Singh
250 _a1st.
260 _aLucknow:
_bPrakashan Kendra,988.
300 _a496p:
_bill;
_c23cm.
653 _aEducation
653 _aTechnique & method of social survey research and statistics
942 _cBK
999 _c2124
_d2124